000 00959nam a2200265 a 4500
001 845
003 BR-CuiBMT
005 20231122210805.0
008 231109s2005 mgb 001 0 por d
020 _a858914884X
040 _aBR-CuiBMT
_cBR-CuiBMT
080 _22007
_a35.078.6
090 _a35.078.6
_bZ99c
100 1 _aZymler, Benjamin,
_d1956-
245 1 2 _aO controle externo das concessões de serviços públicos e das parcerias público-privadas /
_cBenjamin Zymler, Guilherme Henrique de La Rocque Almeida.
260 _aBelo Horizonte :
_bFórum,
_c2005.
300 _a409 p. ;
_c21 cm
504 _aInclui bibliografia e índice.
650 _aControle externo
_zBrasil
650 _aParceria público-privada (PPP)
_vLegislação
_zBrasil
650 _aConcessão de serviços públicos
_zBrasil
650 _aParceria público-privada (PPP)
_xRegulação
_zBrasil
700 1 _aAlmeida, Guilherme Henrique de La Rocque
942 _2udc
_cLV
999 _c845
_d845